Planting seeds : (Record no. 2691)

MARC details
000 -LEADER
fixed length control field 01675cam a2200349 a 4500
005 - DATE AND TIME OF LATEST TRANSACTION
control field 20240110094022.0
020 ## - INTERNATIONAL STANDARD BOOK NUMBER
International Standard Book Number 9780531225592
020 ## - INTERNATIONAL STANDARD BOOK NUMBER
International Standard Book Number 0531225593
040 ## - CATALOGING SOURCE
Original cataloging agency DLC
Transcribing agency DLC
Modifying agency DLC
Language of cataloging eng
050 00 - LIBRARY OF CONGRESS CALL NUMBER
Classification number SB63.M22
Item number P27 2012
082 00 - DEWEY DECIMAL CLASSIFICATION NUMBER
Classification number 333.72092/26762
Edition number 22
100 1# - MAIN ENTRY--PERSONAL NAME
Personal name Park, Anna
245 10 - TITLE STATEMENT
Title Planting seeds :
Remainder of title who says you can't change the world? /
Statement of responsibility, etc. Anna Park and Ben Hewitt
260 ## - PUBLICATION, DISTRIBUTION, ETC.
Place of publication, distribution, etc. New York :
Name of publisher, distributor, etc. Scholastic,
Date of publication, distribution, etc. 2012
300 ## - PHYSICAL DESCRIPTION
Extent 112 pages :
Other physical details color illustrations ;
Dimensions 18 cm
490 0# - SERIES STATEMENT
Series statement On the record
505 0# - FORMATTED CONTENTS NOTE
Formatted contents note U
520 2# - SUMMARY, ETC.
Summary, etc. "Dr. Paul Farmer left the U.S. to live with the world's poor. He cofounded Partners in Health to try to secure healthcare for the people of Haiti; the organization also has projects in Russia, Rwanda, Lesotho, Malawi, and Peru. Wangari Maathai was a feminist and environmentalist who started the Green Belt Movement in Kenya. The 30,000 women of the movement have planted more than 40 million trees"--Provided by the publisher.
521 ## - TARGET AUDIENCE NOTE
Target audience note 870
Source Lexile
521 ## - TARGET AUDIENCE NOTE
Target audience note U
Source Raz-Plus
650 #0 - SUBJECT ADDED ENTRY--TOPICAL TERM
Topical term or geographic name entry element Tree planters (Persons)
Geographic subdivision Kenya
Form subdivision Biography
-- Juvenile literature.
650 #0 - SUBJECT ADDED ENTRY--TOPICAL TERM
Topical term or geographic name entry element Women philanthropists
Geographic subdivision Kenya
Form subdivision Biography
-- Juvenile literature.
650 #0 - SUBJECT ADDED ENTRY--TOPICAL TERM
Topical term or geographic name entry element Environmentalists
Geographic subdivision Kenya
Form subdivision Biography
-- Juvenile literature.
650 #0 - SUBJECT ADDED ENTRY--TOPICAL TERM
Topical term or geographic name entry element Feminists
Geographic subdivision Kenya
Form subdivision Biography
-- Juvenile literature.
650 #0 - SUBJECT ADDED ENTRY--TOPICAL TERM
Topical term or geographic name entry element Philanthropists
Geographic subdivision United States
Form subdivision Biography
-- Juvenile literature.
650 #0 - SUBJECT ADDED ENTRY--TOPICAL TERM
Topical term or geographic name entry element Physicians
Geographic subdivision United States
Form subdivision Biography
-- Juvenile literature.
650 #0 - SUBJECT ADDED ENTRY--TOPICAL TERM
Topical term or geographic name entry element Poor
General subdivision Medical care
Form subdivision Juvenile literature.
700 1# - ADDED ENTRY--PERSONAL NAME
Personal name Hewitt, Ben
Relator term Coauthor
906 ## - LOCAL DATA ELEMENT F, LDF (RLIN)
a 7
b cbc
c orignew
d 1
e ecip
f 20
g y-gencatlg
942 ## - ADDED ENTRY ELEMENTS (KOHA)
Source of classification or shelving scheme Dewey Decimal Classification
Koha item type Books
Suppress in OPAC No
999 ## -
-- 2691
-- 2691
Holdings
Withdrawn status Lost status Source of classification or shelving scheme Damaged status Not for loan Collection Home library Current library Shelving location Date acquired Total Checkouts Full call number Barcode Date last seen Price effective from Koha item type
    Dewey Decimal Classification     Non-Fiction Footprints International School Library Network Toul Kork Campus Footprints International School Library Network Toul Kork Campus TTP Secondary Non-Fiction Bookshelves 01/10/2024   PAR 333.72092/26762 SB63.M22 FISSE00648 01/10/2024 01/10/2024 Books